Культурные бренды волгоградских библиотек (Запись № 11462367)

Подробности
000 -МАРКЕР
контрольное поле 01938nam0a2200301 i 4500
001 - ИДЕНТИФИКАТОР ЗАПИСИ
контрольное поле RU\NLR\BIBL_A\011108676
005 - ИДЕНТИФИКАТОР ВЕРСИИ
контрольное поле 20260407230955.0
035 ## - ДРУГИЕ СИСТЕМНЫЕ НОМЕРА
Идентификатор записи (NLR Aleph) 011108676
100 ## - ДАННЫЕ ОБЩЕЙ ОБРАБОТКИ
Данные общей обработки 20160427d2014 u y0rusy50 ca
101 0# - ЯЗЫК РЕСУРСА
Язык текста, звукозаписи и т.д. русский
102 ## - СТРАНА ПУБЛИКАЦИИ ИЛИ ПРОИЗВОДСТВА
Страна публикации Российская Федерация
105 ## - ПОЛЕ КОДИРОВАННЫХ ДАННЫХ: ТЕКСТОВЫЕ МАТЕРИАЛЫ, МОНОГРАФИЧЕСКИЕ
Кодированные данные о монографическом текстовом документе a z 000yy
200 1# - ЗАГЛАВИЕ И СВЕДЕНИЯ ОБ ОТВЕТСТВЕННОСТИ
Основное заглавие Культурные бренды волгоградских библиотек
Сведения, относящиеся к заглавию сборник материалов по итогам реализации регионального проекта в муниципальных библиотеках Волгоградской области
Первые сведения об ответственности Волгогр. обл. универ. б-ка им. М. Горького, Отд. науч.-исслед. и метод. работы
Последующие сведения об ответственности [сост.: Нина Николаевна Ефимова
-- ред.: Тамара Ивановна Климова]
210 ## - ПУБЛИКАЦИЯ, РАСПРОСТРАНЕНИЕ И ДР.
Место издания, распространения и т.д. Волгоград
Имя издателя, распространителя и т. д. ВОУНБ
Дата издания, распространения и т.д. 2014
215 ## - ФИЗИЧЕСКАЯ ХАРАКТЕРИСТИКА
Специфическое обозначение материала и объем 42 с.
Другие сведения о физической характеристике ил.
Размеры 21
320 ## - ПРИМЕЧАНИЯ О НАЛИЧИИ В ДОКУМЕНТЕ БИБЛИОГРАФИИ / УКАЗАТЕЛЯ
Текст примечания Библиогр. в подстроч. примеч.
606 1# - НАИМЕНОВАНИЕ ТЕМЫ КАК ПРЕДМЕТ
Наименование темы Библиотеки
Формальный подзаголовок Сборники
Тематический подзаголовок Пропаганда культурного наследия
Географический подзаголовок Волгоградская область
Системный номер авторитетной/нормативной записи 2281835
Идентификатор авторитетной/нормативной записи RU\NLR\AUTH\6601595245
686 1# - ИНДЕКСЫ ДРУГИХ КЛАССИФИКАЦИЙ
Индекс Ч735.113.39я43
686 1# - ИНДЕКСЫ ДРУГИХ КЛАССИФИКАЦИЙ
Индекс Ч734(2Р-4Во)711.3я43
702 #1 - ИМЯ ЛИЦА - ВТОРИЧНАЯ ОТВЕТСТВЕННОСТЬ
Код отношения Составитель
Графика поля Кириллица
Материалы, к которым относится поле rus
Начальный элемент ввода Ефимова
Часть имени, кроме начального элемента ввода Н. Н.
Дополнения к именам, кроме дат библиограф
Расширение инициалов личного имени Нина Николаевна
Системный номер авторитетной/нормативной записи 157696
Идентификатор авторитетной/нормативной записи RU\NLR\AUTH\770157736
702 #1 - ИМЯ ЛИЦА - ВТОРИЧНАЯ ОТВЕТСТВЕННОСТЬ
Начальный элемент ввода Климова
Часть имени, кроме начального элемента ввода Т. И.
Расширение инициалов личного имени Тамара Ивановна
Код отношения Редактор
712 02 - НАИМЕНОВАНИЕ ОРГАНИЗАЦИИ - ВТОРИЧНАЯ ОТВЕТСТВЕННОСТЬ
Код отношения Прочие
Начальный элемент ввода Волгоградская областная универсальная научная библиотека им. М. Горького
Структурное подразделение Отдел научно-исследовательской и методической работы
Идентификатор авторитетной/нормативной записи RU\NLR\AUTH\8810156219
Системный номер авторитетной/нормативной записи 807885
942 ## - ДОПОЛНИТЕЛЬНЫЕ ЭЛЕМЕНТЫ ЗАПИСИ (АБИС)
Тип экземпляра АБИС Книга
980 ## - КОЛЛЕКЦИЯ
Название коллекции НБР

Нет доступных экземпляров.